Altaveu per al Coneixement i la Difusió de les Cultures / Club d'Amics de la Unesco Barcelona
Descripción Física:
47 p. ; 21 cm
MARC
| LEADER | 00000nam a2200000Ia 4500 | ||
|---|---|---|---|
| 001 | 15422 | ||
| 003 | BGR | ||
| 005 | 20260324175615.0 | ||
| 008 | 160829s2002 xx 000 0 cat d | ||
| 080 | |a FU-37-25 | ||
| 110 | 2 | |9 70300 |a Amics de la Unesco de Barcelona | |
| 245 | |a Altaveu per al Coneixement i la Difusió de les Cultures / Club d'Amics de la Unesco Barcelona | ||
| 260 | |a [Barcelona] : |b Ajuntament de Barcelona : |b Fundació Caixa Catalunya, |c 2002 | ||
| 300 | |a 47 p. ; |c 21 cm | ||
| 590 | |a Descripció basada en: 2n quadrimestre, febrer 2002/maig 2002 | ||
| 650 | |a Club d'Amics de la Unesco de Barcelona |x Activitats culturals |9 34965 | ||
| 710 | 1 | |a Barcelona (Catalunya). |b Ajuntament |9 50981 | |
| 710 | |a Fundació Caixa de Catalunya |9 57886 | ||
| 901 | |a Arxiu | ||
| 942 | |n 1 |2 udc |c MON | ||
| 952 | |0 0 |1 0 |4 0 |6 FU3725 |7 1 |9 46711 |a Arxiu |b Arxiu |d 2016-12-01 |l 0 |o FU-37-25 |p 15422 |r 2016-12-01 00:00:00 |w 2016-12-01 |y ARXIU | ||
| 999 | |c 50504 |d 50504 | ||